=LDR 00000nam 2200000 4500 =001 INLIS000000000047897 =005 20160302145718.0 =006 =007 =008 =020 ##$$a 3-87482-051-3 =035 ##$$0010-031600000000010 =040 ##$$a NBPDMAT =082 ##$$a 833 =090 ##$$a 833$bBas i =100 ##$$a Basham, Don =245 ##$$a Ihr werdet kraft empfangen / Don Basham =260 ##$$a Erzhausen $b Leuchter $c 1988 =300 ##$$a 92 hlm. ; 21 cm =650 ##$$a Fiska Jerman =850 ##$$a NBPDMAT =990 ##$$a 31500706 =990 ##$$a 31500706/BPAP-NTB/2016